| 000 | 00841cam a22002291 4500 | ||
|---|---|---|---|
| 001 | ne 68003322 | ||
| 003 | DLC | ||
| 005 | 20260227111846.0 | ||
| 008 | 830114s1964 ir 000 0 perr | ||
| 010 | _ane 68003322 | ||
| 035 | _a(OCoLC)9130794 | ||
| 040 |
_aDLC _cWaU _dWaU _dOCoLC _dDLC |
||
| 041 | 1 |
_aper _hara |
|
| 042 | _apremarc | ||
| 050 | 0 | 0 |
_aBP194.7 _b.M3516 |
| 100 | 1 | _aMāmaqānī, ʻAbd Allāh. | |
| 245 | 1 | 0 |
_aSirāj al-Shīʻah fī ādāb al-Sharīʻah : _brāhnamā-yi aḥkām-i Maz̲hab-i Jaʻfarī va ādāb-i zindagī-i Shīʻīyān / _cTaʼlīf al-ʻAllāmah al-Māmaqānī. Tanqīḥ bih nas̲r-i sādah bi-qalam-i Kāẓim Kāẓimaynī. |
| 260 |
_a[Tihrān, _bChāp-i Mīhan] _c1343 [1964 or 5] |
||
| 300 |
_a399 p. _c22 cm. |
||
| 500 | _aTranslation of Mirʼāt al-kamāl. | ||
| 650 | 0 |
_aReligious life _xShīʻah. |
|
| 999 |
_c50752 _d50752 |
||